Kuusi lähintä maata - Qatar - Statistics

Yleistilastot
  • Tätä visaa on pelattu 15 kertaa
  • Keskiarvotulos 4 / 6
Vastaustilastot
km maa % Oikein
0 Saudi-Arabia
91%
1 Bahrain
82%
420 Oman
82%
31 Yhdistyneet arabiemiirikunnat
82%
379 Kuwait
55%
187 Iran
36%
Ehtoja vastaavia visoja ei löytynyt
Tulosjakauma
Jokaisen tuloksen saaneiden osuus
Persentiili vastausten määrän mukaan
Tuloshistoriasi
Et ole pelannut tätä visaa